Very Difficult Flags #2 - Statistics

General Stats
  • This quiz has been taken 197 times
  • The average score is 6 of 16
Answer Stats
Picture Answer % Correct
San Marino
97%
Lithuania
93%
Transnistria
62%
New Mexico
61%
South Africa (OLD)
60%
Prussia
57%
Alabama
46%
Pansexual
33%
Rhodesia
30%
New Brunswick
29%
Navajo
18%
Cairo
13%
River Gee
9%
Mexico City
8%
Belfast
5%
Chihuahua
4%
No matching quizzes found
Score Distribution
Percent of People with Each Score
Percentile by Number Answered
Your Score History
You have not taken this quiz